Técnicas básicas de revelado, impresión y ampliación /
Técnicas y recomendaciones a seguir en el cuarto oscuro dentro de la práctica de la fotografía análoga. Los autores comparten consejos para el momento de elegir los materiales necesarios, así como en cada etapa del proceso de impresión y ampliación, la utilización correcta de los químicos y los pape...
Wedi'i Gadw mewn:
| Fformat: | Llyfr |
|---|---|
| Iaith: | Sbaeneg |
| Cyhoeddwyd: |
México :
Kodak,
1974, c1972
|
| Pynciau: | |
| Tagiau: |
Dim Tagiau, Byddwch y cyntaf i dagio'r cofnod hwn!
|
MARC
| LEADER | 00000nam^a2200000^a^4500 | ||
|---|---|---|---|
| 001 | 000356386 | ||
| 005 | 20250521000000.0 | ||
| 009 | 20260310115230.387 | ||
| 037 | |a Acervo ITESO - Biblioteca | ||
| 041 | |a ESP | ||
| 082 | |a 771. 2 |b TEC | ||
| 245 | 0 | 0 | |a Técnicas básicas de revelado, impresión y ampliación / |
| 264 | 4 | |a México : |b Kodak, |c 1974, c1972 | |
| 300 | |a 32 p. | ||
| 336 | |a texto |b txt |2 rdacontenido | ||
| 337 | |a sin mediación |b n |2 rdamedio | ||
| 338 | |a volumen |b nc |2 rdasoporte | ||
| 520 | |a Técnicas y recomendaciones a seguir en el cuarto oscuro dentro de la práctica de la fotografía análoga. Los autores comparten consejos para el momento de elegir los materiales necesarios, así como en cada etapa del proceso de impresión y ampliación, la utilización correcta de los químicos y los papeles específicos para cada necesidad. | ||
| 649 | |a XX | ||
| 650 | |a Fotografía - |x Papeles de Impresión | ||
| 650 | |a Fotografía - |x Ampliación - |x Tema Principal | ||
| 650 | |a Fotografía - |x Procesos de Impresión - |x Tema Principal | ||
| 650 | |a Fotografía - |x Negativos - |x Tema Principal | ||
| 650 | |a Fotografía - |x Películas | ||
| 650 | |a Fotografía - |x Técnica | ||
| 650 | |a Fotografía - |x Materiales y Equipo | ||
| 650 | |a Comunicación Visual | ||
| 910 | |a Fondo General | ||
| 920 | |a Impresos - Libros | ||
| 930 | |a Colección General | ||
| 905 | |a 101 | ||
| 901 | |a 0500249016 |b IT1 |c ACC |i D70926 |u 20250521 | ||
| 902 | |a https://opac.biblio.iteso.mx/vufind/Record/000356386 | ||